Economy, Culture and Human Rights: (Record no. 190388)

MARC details
000 -LEADER
fixed length control field 00614nam a22001817a 4500
005 - DATE AND TIME OF LATEST TRANSACTION
control field 20220722163620.0
010 ## - LCCN (DPL NO)
LC control number ENG-133880
020 ## - INTERNATIONAL STANDARD BOOK NUMBER
Terms of availability 350.00
International Standard Book Number 9788188789696
035 ## - SYSTEM CONTROL NUMBER
System control number EN-117412
037 ## - SOURCE OF ACQUISITION
Source of stock number/acquisition DBAD/PUB
082 ## - DEWEY DECIMAL CLASSIFICATION NUMBER
Classification number 338.954552
100 ## - MAIN ENTRY--PERSONAL NAME
Personal name Pritam Singh
245 ## - TITLE STATEMENT
Title Economy, Culture and Human Rights:
Remainder of title Turbulence in Punjab, India and Beyond/
Statement of responsibility, etc Pritam Singh
260 ## - PUBLICATION, DISTRIBUTION, ETC. (IMPRINT)
Place of publication, distribution, etc Gurgaon
Name of publisher, distributor, etc Three Essays Collective
Date of publication, distribution, etc 2010
270 ## - ADDRESS
City Gurgaon
Address B-957 Palam Vihar
Postal code 122017
Telephone number 91-124 2369023
Electronic mail address info@threeessays.com
300 ## - PHYSICAL DESCRIPTION
Extent xix;249p.
Dimensions 21cm(pbk)
Other physical details Index
942 ## - ADDED ENTRY ELEMENTS (KOHA)
Source of classification or shelving scheme Dewey Decimal Classification
Item type English Books
Classification part 338.954552
Call number suffix PRI
Holdings
Withdrawn status Lost status Not for loan Collection code Home library Current library Date acquired Source of acquisition Cost, normal purchase price Full call number Barcode Copy number Cost, replacement price Koha item type
      Non-fiction Bawana Bawana 22/07/2022 DBAD/PUB 350.00 338.954552 PRI EN-117412 1 350.00 English Books

© Delhi Public Library
Hit Counter
free hit counter